[Event "ch-RUS Rapid 2016"]
[Site "Sochi RUS"]
[Date "2016.10.03"]
[Round "8.19"]
[White "Ivanov, Alexander Al."]
[Black "Levin, Evgeny A."]
[Result "1/2-1/2"]
[WhiteTitle "GM"]
[BlackTitle "GM"]
[WhiteElo "2400"]
[BlackElo "2505"]
[WhiteFideId "4126360"]
[BlackFideId "4182596"]
[EventDate "2016.10.02"]

1. e4 e6 2. d4 d5 3. exd5 exd5 4. Bd3 Bd6 5. Ne2 Ne7 6. Bf4 O-O 7. O-O Bf5 8.
Nbc3 c6 9. Re1 Bg6 10. Qd2 Re8 11. a3 Qc7 12. Bxd6 Qxd6 13. Qf4 Qxf4 14. Nxf4
Bxd3 15. Nxd3 Nd7 16. Ne2 Nf5 17. c3 Nd6 18. b3 Re7 19. a4 a5 20. Ng3 Rae8 21.
Rxe7 Rxe7 22. Kf1 Nf6 23. f3 Kf8 24. Ne5 Nd7 25. Nxd7+ Rxd7 26. Ke2 Re7+ 27. Kd2
Re6 28. Ne2 Ke7 29. Nf4 Rh6 30. Re1+ Kd8 31. h3 Rf6 1/2-1/2

[Event "ch-RUS Rapid 2016"]
[Site "Sochi RUS"]
[Date "2016.10.03"]
[Round "8.20"]
[White "Gurvich, Vitaly"]
[Black "Konaplev, Anton"]
[Result "1-0"]
[WhiteTitle "FM"]
[WhiteElo "2340"]
[BlackElo "2185"]
[WhiteFideId "24164852"]
[BlackFideId "24165646"]
[EventDate "2016.10.02"]

1. d4 Nf6 2. c4 e6 3. Nf3 d5 4. Nc3 Be7 5. Bg5 h6 6. Bh4 O-O 7. e3 b6 8. cxd5
Nxd5 9. Bxe7 Qxe7 10. Rc1 Bb7 11. Bd3 Nc6 12. Nxd5 exd5 13. O-O Nd8 14. Ne5 c5
15. Bb1 Rc8 16. Qd3 g6 17. f4 cxd4 18. Rxc8 Bxc8 19. Qxd4 Qc5 20. Qxc5 bxc5 21.
Rc1 Ne6 22. f5 gxf5 23. Bxf5 d4 24. Bxe6 Bxe6 25. exd4 cxd4 26. b3 Kg7 27. Kf2
Kf6 28. Nf3 d3 29. Ke3 Rg8 30. g3 Bf5 31. Nd4 Re8+ 32. Kd2 Bg6 33. Rc7 a5 34.
Rc5 Re4 35. Rd5 Ke7 36. Nc6+ Kf6 37. Rxd3 Re6 38. Rf3+ Kg5 39. Nxa5 Kg4 40. Rf4+
Kh3 41. Rh4+ Kg2 42. Rxh6 Kf2 43. Kc3 Re1 44. Nc4 Re2 45. a4 Rc2+ 46. Kb4 Ke2
47. a5 Rc1 48. a6 Ra1 49. Na3 Rd1 50. Rh8 1-0

[Event "ch-RUS Rapid 2016"]
[Site "Sochi RUS"]
[Date "2016.10.03"]
[Round "9.1"]
[White "Moiseenko, Vadim"]
[Black "Andreikin, Dmitry"]
[Result "1/2-1/2"]
[WhiteTitle "IM"]
[BlackTitle "GM"]
[WhiteElo "2528"]
[BlackElo "2736"]
[WhiteFideId "4123700"]
[BlackFideId "4158814"]
[EventDate "2016.10.02"]

1. e4 c5 2. Nf3 Nc6 3. Bb5 Nf6 4. Qe2 e5 5. c3 Bd6 6. d3 O-O 7. Bg5 a6 8. Bxc6
dxc6 9. Nbd2 h6 10. Bh4 Qe7 11. Nc4 Bc7 12. a4 b5 13. Ne3 Qe6 14. Bxf6 Qxf6 15.
O-O Be6 16. Rfc1 Rfd8 17. c4 b4 18. Nd2 Bd6 19. Nb3 Bf8 20. Rf1 Rd7 21. Rad1
Rad8 22. Na5 Rc8 23. Kh1 g6 24. h3 h5 25. Nb3 Rcd8 26. Na5 Rc8 27. Nb3 Qe7 28.
Nc2 Bh6 29. Ne1 Rcd8 30. Nf3 f6 31. Kh2 Kf7 32. g3 Ke8 33. Nh4 Bf7 34. Ng2 Kf8
35. f4 Kg8 36. f5 g5 37. g4 Bf8 38. Rd2 Be8 39. Ne1 Qh7 40. Kg2 h4 1/2-1/2

[Event "ch-RUS Rapid 2016"]
[Site "Sochi RUS"]
[Date "2016.10.03"]
[Round "9.2"]
[White "Bologan, Victor"]
[Black "Dubov, Daniil"]
[Result "1/2-1/2"]
[WhiteTitle "GM"]
[BlackTitle "GM"]
[WhiteElo "2640"]
[BlackElo "2648"]
[WhiteFideId "13900048"]
[BlackFideId "24126055"]
[EventDate "2016.10.02"]

1. Nf3 d5 2. c4 c6 3. g3 g6 4. Bg2 Bg7 5. O-O Nf6 6. b3 Ne4 7. d4 O-O 8. Bb2 a5
9. Nc3 Bf5 10. Nh4 Nxc3 11. Bxc3 Be6 12. Qd3 Nd7 13. cxd5 1/2-1/2

[Event "ch-RUS Rapid 2016"]
[Site "Sochi RUS"]
[Date "2016.10.03"]
[Round "9.3"]
[White "Dreev, Aleksey"]
[Black "Yuffa, Daniil"]
[Result "1/2-1/2"]
[WhiteTitle "GM"]
[BlackTitle "IM"]
[WhiteElo "2660"]
[BlackElo "2534"]
[WhiteFideId "4100107"]
[BlackFideId "24131423"]
[EventDate "2016.10.02"]

1. d4 Nf6 2. Nf3 g6 3. g3 Bg7 4. Bg2 O-O 5. O-O d6 6. b3 c5 7. c4 Nc6 8. Bb2
cxd4 9. Nxd4 Bd7 10. Qd2 Nxd4 11. Bxd4 Bc6 12. Nc3 Qa5 13. Rad1 Qh5 14. h3 Rfd8
15. g4 Qh4 16. e4 h5 17. g5 Nh7 18. Bxg7 Kxg7 19. f4 e5 20. Qf2 Qxf2+ 21. Rxf2
h4 22. Kh2 1/2-1/2

[Event "ch-RUS Rapid 2016"]
[Site "Sochi RUS"]
[Date "2016.10.03"]
[Round "9.4"]
[White "Rakhmanov, Aleksandr"]
[Black "Artemiev, Vladislav"]
[Result "1/2-1/2"]
[WhiteTitle "GM"]
[BlackTitle "GM"]
[WhiteElo "2662"]
[BlackElo "2663"]
[WhiteFideId "4173708"]
[BlackFideId "24101605"]
[EventDate "2016.10.02"]

1. c4 e5 2. Nf3 Nc6 3. d4 exd4 4. Nxd4 Nf6 5. Nxc6 dxc6 6. Qxd8+ Kxd8 7. Bg5
Bb4+ 8. Nd2 Be6 9. e3 Ke7 10. a3 Bd6 11. Ne4 Be5 12. O-O-O h6 13. Bxf6+ Bxf6 14.
Nxf6 Kxf6 15. Be2 c5 16. g4 Rad8 17. Rxd8 Rxd8 18. h4 Ke7 19. f4 f6 20. Kc2 a5
21. a4 Bd7 22. b3 Bc6 23. Rh3 Be4+ 24. Kc3 b6 25. Rg3 g5 26. Rh3 Kf7 27. hxg5
hxg5 28. Rh6 Rd7 29. Rh8 Kg7 30. Re8 Bg6 31. Rc8 Be4 32. Re8 Bg6 33. Rc8 1/2-1/2

[Event "ch-RUS Rapid 2016"]
[Site "Sochi RUS"]
[Date "2016.10.03"]
[Round "9.5"]
[White "Savchenko, Boris"]
[Black "Vastrukhin, Oleg"]
[Result "1-0"]
[WhiteTitle "GM"]
[WhiteElo "2613"]
[BlackElo "2392"]
[WhiteFideId "4147332"]
[BlackFideId "4192770"]
[EventDate "2016.10.02"]

1. e4 g6 2. d4 Bg7 3. Nc3 c6 4. Nf3 d5 5. h3 dxe4 6. Nxe4 Nf6 7. Nxf6+ exf6 8.
Bd3 O-O 9. O-O Be6 10. c4 a5 11. Bd2 Nd7 12. Bc3 Qb8 13. Re1 Nb6 14. b3 Nc8 15.
Qd2 a4 16. d5 cxd5 17. Nd4 Bd7 18. c5 axb3 19. axb3 Rxa1 20. Rxa1 Ne7 21. b4 Nc6
22. b5 Ne5 23. Be2 Rc8 24. Bb4 Nc4 25. Bxc4 dxc4 26. Rc1 f5 27. Rxc4 Qe5 28. c6
bxc6 29. Nxc6 Bxc6 30. bxc6 h5 31. Bc3 Qe6 32. Bxg7 Kxg7 33. Qd4+ Qf6 34. Qc5
Rc7 35. Rc1 Kh7 36. Qd5 Qb2 37. Qc5 Qf6 38. Kh2 g5 39. Qc2 g4 40. hxg4 hxg4 41.
Qc5 Kg6 42. Kg1 Qe6 43. g3 Qf6 44. Qc4 Qe6 45. Qc2 Qe4 46. Qxe4 fxe4 47. Kf1 Kf6
48. Ke2 Ke5 49. Ke3 Kd5 50. Kf4 Kd4 51. Rd1+ Kc5 52. Kf5 Kb5 53. Rc1 Rxc6 54.
Rxc6 Kxc6 55. Kxe4 Kd6 56. Kf5 Kd5 57. Kxg4 Ke4 58. f4 f6 59. Kh5 Kf5 60. Kh6
Kg4 61. Kg6 Kxg3 62. f5 1-0

[Event "ch-RUS Rapid 2016"]
[Site "Sochi RUS"]
[Date "2016.10.03"]
[Round "9.6"]
[White "Matlakov, Maxim"]
[Black "Zablotsky, Sergei"]
[Result "0-1"]
[WhiteTitle "GM"]
[BlackTitle "GM"]
[WhiteElo "2691"]
[BlackElo "2518"]
[WhiteFideId "4168003"]
[BlackFideId "4131606"]
[EventDate "2016.10.02"]

1. c4 g6 2. d4 Bg7 3. Nf3 d6 4. g3 Nd7 5. Bg2 e5 6. Nc3 exd4 7. Nxd4 Ne7 8. O-O
O-O 9. Bf4 Nc5 10. Qd2 Bd7 11. Rad1 Nc6 12. Nc2 Re8 13. Bg5 Bxc3 14. bxc3 f6 15.
Be3 b6 16. Nb4 Ne5 17. Bxa8 Qxa8 18. Nd5 Qd8 19. Bxc5 bxc5 20. Qc2 Kg7 21. Qb3
Bc6 22. Rfe1 Qd7 23. Qa3 Nxc4 24. Qxa7 Bxd5 25. Rxd5 Qc6 26. Red1 Kh6 0-1

[Event "ch-RUS Rapid 2016"]
[Site "Sochi RUS"]
[Date "2016.10.03"]
[Round "9.7"]
[White "Timofeev, Artyom"]
[Black "Riazantsev, Alexander"]
[Result "0-1"]
[WhiteTitle "GM"]
[BlackTitle "GM"]
[WhiteElo "2601"]
[BlackElo "2651"]
[WhiteFideId "4140419"]
[BlackFideId "4125029"]
[EventDate "2016.10.02"]

1. c4 e6 2. Nc3 Bb4 3. e4 Ne7 4. a3 Bxc3 5. dxc3 O-O 6. Nf3 d6 7. Bd3 Nd7 8. O-O
b6 9. Bg5 h6 10. Bh4 Qe8 11. Re1 Ng6 12. Bg3 e5 13. Nd2 Nc5 14. Bc2 f5 15. f3 f4
16. Bf2 Qe7 17. b4 Ne6 18. Re2 c5 19. Bd3 Nh8 20. Kf1 Nf7 21. Ke1 Qg5 22. Bg1
Qh4+ 23. Kf1 Bd7 24. Qe1 Qe7 25. Qb1 g5 26. h3 h5 27. Ke1 g4 28. hxg4 hxg4 29.
Kd1 g3 30. Kc1 Kg7 31. b5 Rh8 32. Kb2 Rh1 33. Qc2 Nh8 34. a4 Ng6 35. a5 Rah8 36.
axb6 axb6 37. Qa4 Be8 38. Qa6 Qc7 39. Kb3 Bf7 40. Kb2 Kf6 41. Kb3 Ng5 42. Kb2
Be6 43. Kb3 Bc8 44. Qa2 Bb7 45. Qc2 Nh4 46. Rae1 Ra8 47. Kb2 Bc8 48. Qb3 Be6 49.
Bc2 Bf7 50. Bd1 Qa7 51. Kc2 Qa1 52. Kd3 Bh5 53. Bc2 Rxg1 54. Rxa1 Raxa1 55. Qb2
Rae1 56. Rxe1 Rxe1 57. Bb1 Nxg2 58. Qa3 Re3+ 59. Kc2 Ne1+ 60. Kb2 g2 61. Qa8 Nf7 0-1

[Event "ch-RUS Rapid 2016"]
[Site "Sochi RUS"]
[Date "2016.10.03"]
[Round "9.8"]
[White "Motylev, Alexander"]
[Black "Gabrielian, Artur"]
[Result "1-0"]
[WhiteTitle "GM"]
[BlackTitle "GM"]
[WhiteElo "2663"]
[BlackElo "2524"]
[WhiteFideId "4121830"]
[BlackFideId "4131002"]
[EventDate "2016.10.02"]

1. e4 c5 2. Nf3 d6 3. d4 cxd4 4. Nxd4 Nf6 5. Nc3 a6 6. g3 e6 7. Bg2 Be7 8. O-O
O-O 9. a4 Nc6 10. Nb3 Qc7 11. a5 Ne5 12. Nd2 b5 13. axb6 Qxb6 14. h3 Bb7 15. Kh2
Rac8 16. Ra4 Rfd8 17. f4 Ned7 18. Nb3 d5 19. e5 Ne4 20. Nxe4 dxe4 21. Qe2 Bc6
22. Rxe4 Bxe4 23. Bxe4 a5 24. Bd2 Bb4 25. Be3 Bc5 26. Bd2 Bb4 27. Be3 Qb8 28.
Nd4 Rf8 29. Nc6 Qc7 30. Rd1 Nb8 31. Na7 Rcd8 32. Nb5 Qe7 33. Ra1 Bc5 34. Bd2 Bb6
35. Nd6 Nd7 36. Bxa5 Bxa5 37. Rxa5 Nb6 38. c4 Rb8 39. Rb5 Na4 40. Bb7 Qc7 41.
Qe3 f6 42. b3 fxe5 43. fxe5 Nb2 44. Qd2 Nxc4 45. bxc4 Qd8 46. Bg2 Rxb5 47. cxb5
Qb6 48. Qa2 Kh8 49. Qxe6 Qf2 50. b6 h5 51. b7 h4 52. Qg4 hxg3+ 53. Qxg3 Qb2 54.
e6 1-0

[Event "ch-RUS Rapid 2016"]
[Site "Sochi RUS"]
[Date "2016.10.03"]
[Round "9.9"]
[White "Kryakvin, Dmitry"]
[Black "Grachev, Boris"]
[Result "0-1"]
[WhiteTitle "GM"]
[BlackTitle "GM"]
[WhiteElo "2554"]
[BlackElo "2628"]
[WhiteFideId "4153278"]
[BlackFideId "4129199"]
[EventDate "2016.10.02"]

1. d4 d5 2. c4 e6 3. Nc3 a6 4. cxd5 exd5 5. Qb3 Nc6 6. Nf3 Be6 7. Bf4 Bb4 8. e3
Nge7 9. Bd3 O-O 10. O-O Bd6 11. Bxd6 Qxd6 12. Rac1 h6 13. Na4 b6 14. a3 Bg4 15.
Nd2 Bd7 16. Qc2 Rfc8 17. Nc3 Nd8 18. e4 Ne6 19. Nf3 c6 20. Qd2 dxe4 21. Bxe4
Rab8 22. Rfd1 Be8 23. Bb1 Rd8 24. Qd3 Ng6 25. Qxa6 b5 26. d5 Nc5 27. Qa7 Rd7 28.
dxc6 Qxd1+ 29. Nxd1 Rxa7 30. Rxc5 Ne7 31. Ne5 f6 32. Ba2+ Kf8 33. Be6 fxe5 34.
c7 Rb6 35. c8=Q Nxc8 36. Bxc8 Rc6 37. Rxc6 Bxc6 38. Kf1 Ra8 39. Bg4 Rd8 40. Ke1
Bxg2 41. f3 e4 42. fxe4 Bxe4 43. Be2 Bc6 44. Nc3 Re8 45. Kf2 Re5 46. h4 Ke7 47.
b3 Kd6 48. b4 Kc7 49. Bd1 Re8 50. a4 bxa4 51. b5 Bd7 52. Bxa4 Kd6 53. Bd1 Rc8
54. Ne4+ Ke5 55. Ng3 Bxb5 56. Nh5 Rc7 57. Bf3 Be8 58. Ng3 Rc4 59. h5 Bc6 60. Be2
Rh4 61. Bd3 Rh2+ 62. Ke3 Rh3 63. Kf2 Kf4 64. Ne2+ Kg5 65. Bg6 Rf3+ 66. Ke1 Rf8
67. Nd4 Bd7 68. Kd2 Bg4 69. Ke3 Rf6 0-1

[Event "ch-RUS Rapid 2016"]
[Site "Sochi RUS"]
[Date "2016.10.03"]
[Round "9.10"]
[White "Pridorozhni, Aleksei"]
[Black "Glek, Igor"]
[Result "1/2-1/2"]
[WhiteTitle "GM"]
[BlackTitle "GM"]
[WhiteElo "2579"]
[BlackElo "2377"]
[WhiteFideId "4127870"]
[BlackFideId "4100484"]
[EventDate "2016.10.02"]

1. e4 e6 2. b3 d5 3. Bb2 dxe4 4. Nc3 Nf6 5. Qe2 Bd7 6. Nxe4 Nxe4 7. Qxe4 Bc6 8.
Qe2 Nd7 9. Nf3 Bxf3 10. Qxf3 c6 11. O-O-O a5 12. Bc4 Nb6 13. Qe2 Nxc4 14. Qxc4
a4 15. Rhe1 Qd5 16. Qxd5 cxd5 17. Kb1 axb3 18. axb3 Kd7 19. c4 dxc4 20. bxc4 Bd6
21. Re3 Rhc8 22. Rc1 Ra4 23. Rb3 Raxc4 24. Rxb7+ R4c7 25. Rbxc7+ Bxc7 26. h3 g6
27. Rc4 Ra8 28. Bc3 Bb6 29. f3 Kd6 30. Kc2 Kd5 31. Rb4 Kc6 32. g4 Bc5 33. Rb1
Rd8 34. Ra1 Bb6 35. Ra4 Bc5 36. Rf4 f5 37. Ra4 Kb5 38. Ra1 fxg4 39. fxg4 Kc6 40.
Rf1 Rf8 41. Rxf8 Bxf8 42. Kd3 Kd5 43. Ke2 Ke4 44. d3+ Kf4 45. Be1 Bc5 46. Bh4 g5
47. Be1 h6 48. Bc3 Kg3 49. Be5+ Kxh3 50. Kf3 Bf8 51. Bc7 Bg7 52. Bb6 h5 53. gxh5
Kh4 54. Ke4 Kxh5 55. d4 Kg4 56. Bd8 Kh5 57. d5 exd5+ 58. Kxd5 g4 59. Bc7 Kh4 60.
Ke4 Kh3 61. Kf5 Bd4 62. Bd6 Bf2 63. Be5 Bg3 64. Bc3 Bc7 65. Be1 Bb6 66. Kg5 Be3+
67. Kh5 Bf4 68. Bf2 Bg3 69. Bd4 Be1 70. Be5 Bg3 71. Bd4 Bd6 72. Bf2 Be7 73. Be1
Bc5 74. Bh4 Bd6 75. Be1 Bg3 76. Bc3 1/2-1/2

[Event "ch-RUS Rapid 2016"]
[Site "Sochi RUS"]
[Date "2016.10.03"]
[Round "9.11"]
[White "Smagin, Sergey"]
[Black "Sakaev, Konstantin"]
[Result "0-1"]
[WhiteTitle "GM"]
[BlackTitle "GM"]
[WhiteElo "2551"]
[BlackElo "2594"]
[WhiteFideId "4100425"]
[BlackFideId "4104226"]
[EventDate "2016.10.02"]

1. e4 c5 2. c3 d5 3. exd5 Qxd5 4. d4 Nf6 5. Nf3 Bf5 6. Qb3 Qxb3 7. axb3 Nbd7 8.
Bb5 a6 9. dxc5 Bxb1 10. c6 Bf5 11. Nd4 bxc6 12. Bxc6 Rc8 13. Rxa6 Bd3 14. Ra5 e6
15. Bf4 Be4 16. Bxe4 Nxe4 17. Ke2 Bc5 18. Rd1 e5 19. Bxe5 Nxe5 20. b4 Nc4 21.
Rxc5 Nxc5 22. bxc5 Nxb2 23. Rb1 Na4 24. Ra1 0-1

[Event "ch-RUS Rapid 2016"]
[Site "Sochi RUS"]
[Date "2016.10.03"]
[Round "9.12"]
[White "Kovalev, Egor"]
[Black "Tregubov, Pavel V."]
[Result "0-1"]
[WhiteTitle "FM"]
[BlackTitle "GM"]
[WhiteElo "2339"]
[BlackElo "2586"]
[WhiteFideId "24124117"]
[BlackFideId "4115341"]
[EventDate "2016.10.02"]

1. Nf3 c5 2. g3 Nc6 3. d4 cxd4 4. Nxd4 g6 5. Bg2 Bg7 6. Nb3 Nf6 7. Nc3 O-O 8.
O-O d6 9. h3 Bd7 10. e4 Ne5 11. Nd5 Rc8 12. Re1 Nc4 13. c3 e6 14. Ne3 b5 15.
Nxc4 bxc4 0-1

[Event "ch-RUS Rapid 2016"]
[Site "Sochi RUS"]
[Date "2016.10.03"]
[Round "9.13"]
[White "Shaposhnikov, Evgeny"]
[Black "Belov, Igor1"]
[Result "1-0"]
[WhiteTitle "GM"]
[BlackTitle "IM"]
[WhiteElo "2557"]
[BlackElo "2390"]
[WhiteFideId "4122232"]
[BlackFideId "4101782"]
[EventDate "2016.10.02"]

1. e4 d6 2. d4 Nf6 3. Nc3 e5 4. Nf3 Nbd7 5. Bc4 Be7 6. O-O O-O 7. Qe2 c6 8. Rd1
Qc7 9. a4 a5 10. Ba2 Re8 11. Qc4 Rf8 12. Be3 exd4 13. Nxd4 Ne5 14. Qe2 Re8 15.
h3 Bf8 16. Bg5 Qb6 17. Bb3 Bd7 18. Be3 Qc7 19. Re1 Rad8 20. Rad1 Bc8 21. f3 Ng6
22. Qf2 d5 23. exd5 Bd6 24. Nde2 Bh2+ 25. Kh1 Nh5 26. Bb6 Ng3+ 27. Kxh2 Nf1+ 28.
Kg1 Qh2+ 29. Kxf1 Bxh3 30. Qg3 1-0

[Event "ch-RUS Rapid 2016"]
[Site "Sochi RUS"]
[Date "2016.10.03"]
[Round "9.14"]
[White "Paravyan, David"]
[Black "Morozevich, Alexander"]
[Result "0-1"]
[WhiteTitle "IM"]
[BlackTitle "GM"]
[WhiteElo "2528"]
[BlackElo "2683"]
[WhiteFideId "4194985"]
[BlackFideId "4116992"]
[EventDate "2016.10.02"]

1. d4 e6 2. e4 d5 3. Nc3 Nf6 4. e5 Nfd7 5. f4 c5 6. Nf3 Nc6 7. Be3 a6 8. Qd2 b5
9. Nd1 Bb7 10. Be2 cxd4 11. Nxd4 Be7 12. O-O O-O 13. Nxc6 Bxc6 14. Bd4 f5 15.
exf6 Nxf6 16. Qe3 Bd6 17. Qxe6+ Kh8 18. Ne3 Qc7 19. Qf5 Ne4 20. Qh5 Bxf4 21. Bd3
Rae8 22. Rae1 Re6 23. g3 Bxe3+ 24. Bxe3 Rxf1+ 25. Rxf1 Nf6 26. Bd4 Qe7 27. Qh4
Re1 28. c3 Rxf1+ 29. Kxf1 Qf7 30. Bxf6 gxf6 31. Qf4 Qe7 32. Qh6 Kg8 33. Qh4 Be8
34. Qg4+ Kf8 35. Kf2 h5 36. Qd4 Qe5 37. Qc5+ Kg8 38. Qa7 h4 39. Qh7+ Kf8 40.
Qxh4 a5 41. Qf4 b4 42. Qh6+ Ke7 43. Qg7+ Kd6 44. Qf8+ Kc6 45. Bc2 bxc3 46. bxc3
Kb6 47. Bd3 d4 48. c4 Qe3+ 49. Kg2 Bc6+ 50. Kh3 Qxd3 51. Qb8+ Ka6 52. Qc8+ Bb7
53. Qe6+ Ka7 54. c5 Qh7+ 55. Kg4 Qg6+ 0-1

[Event "ch-RUS Rapid 2016"]
[Site "Sochi RUS"]
[Date "2016.10.03"]
[Round "9.15"]
[White "Matinian, Nikita"]
[Black "Popov, Ivan RUS"]
[Result "0-1"]
[WhiteTitle "IM"]
[BlackTitle "GM"]
[WhiteElo "2495"]
[BlackElo "2596"]
[WhiteFideId "24129100"]
[BlackFideId "4170350"]
[EventDate "2016.10.02"]

1. d4 Nf6 2. Nf3 c5 3. e3 cxd4 4. exd4 d5 5. Bd3 Nc6 6. c3 g6 7. O-O Bf5 8. Bxf5
gxf5 9. Bf4 Bg7 10. Nbd2 O-O 11. Re1 e6 12. Ne5 Kh8 13. Re3 Nxe5 14. Bxe5 Rg8
15. Rg3 Nd7 16. Nf3 Bxe5 17. dxe5 Rc8 18. Qe2 a6 19. Re1 Nc5 20. Nd4 Qh4 21. Nf3
Qh6 22. Qe3 Qxe3 23. Rxg8+ Kxg8 24. Rxe3 Na4 25. Re2 b5 26. h3 a5 27. a3 b4 28.
axb4 axb4 29. cxb4 Rb8 30. b3 Nc3 31. Rc2 Ne4 32. Nd2 Rxb4 33. Nxe4 fxe4 34. Rb2
Kg7 35. Kf1 Kg6 36. g4 Kg5 37. Ke2 Kf4 38. Kd2 d4 39. Kc2 Kxe5 40. Ra2 Rb7 41.
Ra5+ Kf4 42. Ra4 d3+ 0-1

[Event "ch-RUS Rapid 2016"]
[Site "Sochi RUS"]
[Date "2016.10.03"]
[Round "9.16"]
[White "Alekseev, Evgeny"]
[Black "Lugovskoy, Maxim"]
[Result "1-0"]
[WhiteTitle "GM"]
[BlackTitle "IM"]
[WhiteElo "2636"]
[BlackElo "2436"]
[WhiteFideId "4138147"]
[BlackFideId "24126454"]
[EventDate "2016.10.02"]

1. e4 e6 2. d4 d5 3. Nc3 Bb4 4. exd5 exd5 5. Bd3 Nc6 6. a3 Bxc3+ 7. bxc3 Nge7 8.
Qf3 Be6 9. Rb1 b6 10. Ne2 Qd7 11. Ng3 O-O-O 12. h3 g6 13. Bg5 Rde8 14. O-O Nf5
15. Ne2 Nd6 16. Nf4 Ne4 17. Bxe4 dxe4 18. Qe2 Bf5 19. Rb5 Qd6 20. Nd5 Qxa3 21.
Bf4 Be6 22. Nxc7 Qxc3 23. Rc5 bxc5 24. Qa6+ Kd7 25. Nb5 1-0

[Event "ch-RUS Rapid 2016"]
[Site "Sochi RUS"]
[Date "2016.10.03"]
[Round "9.17"]
[White "Khairullin, Ildar"]
[Black "Hasangatin, Ramil"]
[Result "1-0"]
[WhiteTitle "GM"]
[BlackTitle "GM"]
[WhiteElo "2630"]
[BlackElo "2505"]
[WhiteFideId "4151348"]
[BlackFideId "4122160"]
[EventDate "2016.10.02"]

1. e4 d5 2. exd5 Qxd5 3. Nc3 Qd6 4. d4 Nf6 5. Nf3 c6 6. Ne5 Nbd7 7. f4 g6 8. g4
Bg7 9. g5 Nd5 10. Ne4 Qc7 11. c3 h6 12. Bd3 Nxe5 13. fxe5 Bf5 14. Qf3 O-O-O 15.
Bd2 Nb6 16. O-O-O h5 17. h3 Rhf8 18. Bf4 Be6 19. Kb1 Kb8 20. Qe2 Ka8 21. Nc5 Qc8
22. Nxe6 Qxe6 23. h4 Rd7 24. Bc1 Rfd8 25. Rhf1 Rc7 26. Qf2 Rf8 27. Bc2 Nd5 28.
Rd3 f5 29. gxf6 exf6 30. Rf3 f5 31. Bb3 c5 32. dxc5 Qc6 33. Rd3 Ne7 34. Bf4 Nc8
35. e6 Re7 36. Bd6 Bf6 37. Bxe7 Bxe7 38. Rd7 Bxc5 39. Qf3 Qxf3 40. Rxf3 Ne7 41.
Rfd3 Kb8 42. Bd5 Nxd5 43. R3xd5 1-0

[Event "ch-RUS Rapid 2016"]
[Site "Sochi RUS"]
[Date "2016.10.03"]
[Round "9.18"]
[White "Golubov, Saveliy"]
[Black "Vitiugov, Nikita"]
[Result "1/2-1/2"]
[WhiteTitle "IM"]
[BlackTitle "GM"]
[WhiteElo "2481"]
[BlackElo "2721"]
[WhiteFideId "24176729"]
[BlackFideId "4152956"]
[EventDate "2016.10.02"]

1. e4 c5 2. Nf3 e6 3. b3 b6 4. Bb2 Bb7 5. Qe2 Nc6 6. Nc3 a6 7. O-O-O Rc8 8. d4
cxd4 9. Nxd4 Nxd4 10. Rxd4 b5 11. Kb1 Nf6 12. e5 b4 13. exf6 bxc3 14. fxg7 Bxg7
15. Rg4 Bf6 16. Ba3 a5 17. Qe3 Bc6 18. Qg3 d6 19. Ba6 Ra8 20. Rd1 Be5 21. Rg8+
Rxg8 22. Qxg8+ Ke7 23. Qg5+ Ke8 24. Qg8+ Ke7 1/2-1/2

[Event "ch-RUS Rapid 2016"]
[Site "Sochi RUS"]
[Date "2016.10.03"]
[Round "9.19"]
[White "Khismatullin, Denis"]
[Black "Ivanov, Alexander Al."]
[Result "1/2-1/2"]
[WhiteTitle "GM"]
[BlackTitle "GM"]
[WhiteElo "2617"]
[BlackElo "2400"]
[WhiteFideId "4142578"]
[BlackFideId "4126360"]
[EventDate "2016.10.02"]

1. d4 d6 2. c4 f5 3. Nf3 Nf6 4. g3 g6 5. b4 Bg7 6. Bb2 Ne4 7. Qb3 c6 8. Nc3 Nxc3
9. Bxc3 O-O 10. Bg2 Nd7 11. O-O Nf6 12. a4 Ne4 13. Bb2 Be6 14. Qd3 a6 15. Rab1
d5 16. c5 f4 17. Qb3 Qd7 18. Rbd1 Bh3 19. Bc1 g5 20. Ne5 Bxe5 21. dxe5 fxg3 22.
f3 Nf2 23. hxg3 Nxd1 24. Bxg5 Bxg2 25. Kxg2 Qf5 26. Bf4 Qg6 27. Bc1 Rf5 28. Qxd1
Rxe5 29. Rh1 Rh5 30. Rg1 Kf7 31. g4 Re5 32. Bf4 Re6 33. Rh1 Rg8 34. Kf2 Ke8 35.
Qd2 Qf7 36. Rh5 Rf8 37. e3 Qg7 38. b5 axb5 39. axb5 h6 40. Qa5 Rxf4 41. exf4
Qd4+ 42. Kg3 Qg1+ 43. Kh3 Qh1+ 44. Kg3 Qg1+ 45. Kh3 Qf1+ 46. Kg3 Qg1+ 1/2-1/2

[Event "ch-RUS Rapid 2016"]
[Site "Sochi RUS"]
[Date "2016.10.03"]
[Round "9.20"]
[White "Ponkratov, Pavel"]
[Black "Gurvich, Vitaly"]
[Result "0-1"]
[WhiteTitle "GM"]
[BlackTitle "FM"]
[WhiteElo "2589"]
[BlackElo "2340"]
[WhiteFideId "4157800"]
[BlackFideId "24164852"]
[EventDate "2016.10.02"]

1. d4 Nf6 2. Bg5 Ne4 3. Bf4 c5 4. f3 Qa5+ 5. c3 Nf6 6. Nd2 cxd4 7. Nc4 Qd8 8.
cxd4 d5 9. Ne5 e6 10. e3 Bb4+ 11. Kf2 O-O 12. Bd3 Nfd7 13. Nxd7 Nxd7 14. Ne2 Nf6
15. h4 Bd6 16. g4 Qe7 17. g5 Nh5 18. Qc2 Nxf4 19. Bxh7+ Kh8 20. exf4 Bd7 21. Bd3
f6 22. Qd2 e5 23. Rae1 e4 24. Nc3 f5 25. Nxd5 Qf7 26. Bc4 Be6 27. g6 Qxg6 28.
Bb3 Rae8 29. h5 Qh6 30. Rh4 Bxd5 31. Bxd5 Be7 32. Rh3 Bd6 33. Kf1 Bxf4 34. Qg2
Rd8 35. Bb3 Rxd4 36. fxe4 fxe4 37. Kg1 Rd2 38. Qxe4 Bd6 39. Kh1 Rxb2 40. Rd1
Rbf2 41. Qg6 Qf4 42. Qxd6 Qe4+ 0-1

[Event "TCh-RUS Rapid 2016"]
[Site "Sochi RUS"]
[Date "2016.10.05"]
[Round "1.1"]
[White "Dubov, Daniil"]
[Black "Golubov, Saveliy"]
[Result "*"]
[WhiteElo "2690"]
[BlackElo "2515"]
[EventDate "2016.09.02"]

1. c4 Nf6 2. Nc3 g6 3. g3 Bg7 4. Bg2 O-O 5. d4 d6 6. Nf3 Nc6 7. O-O Bd7 8.
d5 Na5 9. b3 c6 10. dxc6 Nxc6 11. Bb2 Ne4 12. Qc1 Nxc3 13. Bxc3 Bxc3 14.
Qxc3 *

[Event "TCh-RUS Rapid 2016"]
[Site "Sochi RUS"]
[Date "2016.10.05"]
[Round "1.3"]
[White "Dreev, Aleksey"]
[Black "Uzhva, Andrey"]
[Result "*"]
[WhiteElo "2690"]
[BlackElo "2264"]
[EventDate "2016.09.02"]

1. d4 Nf6 2. Nf3 g6 3. g3 Bg7 4. Bg2 O-O 5. O-O d5 6. c4 c6 7. Qb3 Qb6 8.
Nc3 Qxb3 9. axb3 Bf5 10. Bg5 Rd8 11. Rfc1 h6 12. Bf4 *

[Event "TCh-RUS Rapid 2016"]
[Site "Sochi RUS"]
[Date "2016.10.05"]
[Round "1.4"]
[White "Ivlev, Aleksey"]
[Black "Popov, Ivan"]
[Result "*"]
[WhiteElo "2207"]
[BlackElo "2695"]
[EventDate "2016.09.02"]

1. d4 Nf6 2. Nf3 g6 3. c4 Bg7 4. Nc3 d5 5. cxd5 Nxd5 6. e4 Nxc3 7. bxc3 O-O
8. Rb1 c5 9. Be2 Nc6 10. d5 Ne5 11. Nxe5 Bxe5 12. Qb3 e6 13. f4 Bg7 14. c4
Re8 *